000 00913nam a2200277 a 4500
001 BRCA_8040
005 20190320210116.0
008 070424s2007 u--a#####b---#001-0deng-#
020 _a9780764326714
040 _aDLC
_cDLC
_dDLC
041 _aeng
044 _au
050 4 _aNK7314.T39
_b.M67 2007
100 1 _aMorrill, Penny C.
_92776
245 1 0 _aMexican silver
_bmodern handwrought jewelry & metalwork
_cPenny C. Morrill & Carole A. Berk.
250 _a4
260 _aAtglen, Pensilvania
_bSchiffer Publishing Ltd.
_cc2007
300 _aix, 288 p.
_bil. a color
_c29 cm.
500 _aIncluye glosario e índice alfabético
504 _aBibliografía: p. 275-277
650 1 4 _aJoyería de plata
_xHistoria
_ySiglo XX
_zMéxico
_919982
650 1 4 _aPlatería
_xHistoria
_ySiglo XX
_zMéxico
_96128
650 1 4 _aPlateros
_zMéxico
_93067
700 1 _aBerk, Carole A.
_ecoaut.
_919983
942 _2lcc
_cB
999 _c7708
_d7708